000 00601nam a2200241Ia 4500
003 OSt
005 20221007100411.0
006 a|||||r|||| 00| 0
007 ta
008 221006b |||||||| |||| 00| 0 eng d
024 _a4,356
037 _cTextual
040 _aLCO
_cLCO
_beng
041 _2eng
_aeng
082 _aV2:2, M0
100 _aDIWAN Paras
245 0 _aIndian constitutional amendments
260 _aNew
_bDelhi Oxford and I B H pub.
_c1980
300 _a268
650 _aCONSTITUTION
942 _hV2:2, M0
_cTEXL
999 _c1173919
_d1173919